Học tập phong cách ngôn ngữ Chủ tịch Hồ Chí Minh
Nghiên cứu phong các ngôn ngữ của Hồ Chủ tịch trong các nói, cách viết qua các tác phẩm của Người
Đã lưu trong:
| Tác giả của công ty: | |
|---|---|
| Định dạng: | Sách |
| Ngôn ngữ: | Vietnamese |
| Được phát hành: |
H.
Khoa học xã hội
1980
|
| Những chủ đề: | |
| Các nhãn: |
Thêm thẻ
Không có thẻ, Là người đầu tiên thẻ bản ghi này!
|
| Thư viện lưu trữ: | Mạng thư viện Đại học Đà Nẵng |
|---|
| LEADER | 01269nam a22003498a 4500 | ||
|---|---|---|---|
| 001 | 000007573 | ||
| 003 | 3736 | ||
| 005 | 20120525090532.0 | ||
| 008 | 111006s1980 b 000 0 vieod | ||
| 020 | |c 5500đ |d 5200b | ||
| 041 | 0 | |a vie | |
| 082 | |a 335.501 |b Viê | ||
| 084 | |a A | ||
| 110 | |a Viện Ngôn ngữ học | ||
| 245 | 1 | 0 | |a Học tập phong cách ngôn ngữ Chủ tịch Hồ Chí Minh |
| 260 | |a H. |b Khoa học xã hội |c 1980 | ||
| 300 | |a 219tr |c 20cm | ||
| 500 | |a ĐTTS ghi: Uy ban khoa học xã hội Việt Nam. Viện Ngôn ngữ học | ||
| 520 | |a Nghiên cứu phong các ngôn ngữ của Hồ Chủ tịch trong các nói, cách viết qua các tác phẩm của Người | ||
| 653 | |a ngôn ngữ | ||
| 653 | |a Hồ Chí Minh | ||
| 910 | |a Nguyễn Thị Kim Oanh |d 06/10/2011 | ||
| OWN | |a LSP | ||
| AVA | |a UDN50 |b LSP |d 335.501 Viê |e available |t Error 5001 Not defined in file expand_doc_bib_avail. |f 6 |g 1 |h N |i 0 |k 1 | ||
| 999 | |a From the UDN01 | ||
| AVA | |a UDN50 |b LSP |d 335.501 Viê |e available |t Error 5001 Not defined in file expand_doc_bib_avail. |f 6 |g 1 |h N |i 0 |k 1 | ||
| TYP | |a Monograph | ||
| TYP | |a Printed language | ||
| 980 | |a Mạng thư viện Đại học Đà Nẵng | ||